| 000 | 00508nam a2200217Ia 4500 | ||
|---|---|---|---|
| 008 | 210210b1911 xxu||||| |||| 00| 0 eng d | ||
| 041 | _aeng | ||
| 082 | _a940/4 | ||
| 100 | _aADAMS (G B) | ||
| 245 | _aEuropean history: an outline of its development | ||
| 260 |
_aNew York _bThe Macmillan Co _c1911 |
||
| 650 | _aoutline | ||
| 650 | _aof | ||
| 650 | _aits | ||
| 650 | _ahistory: | ||
| 650 | _aEuropean | ||
| 650 | _adevelopment | ||
| 650 | _aan | ||
| 690 | _aEuropean History | ||
| 906 | _a025074 | ||
| 999 |
_c150906 _d150906 |
||